La Gran Flota Británica, 1914-16. Operaciones navales inglesas en el Mar del Norte desde la ruptura de hostilidad hasta después de la batalla de Jutlandia. Por el Almirante de la Real Marina Británica Lord John R. Jellicoe, Vizconde de Scapa. Traducción del Comandante de Infantería de Marina D. Manuel O'Felan

Saved in:
Bibliografiske detaljer
Hovedforfatter: Jellicoe, John R., Lord (Author)
Format: Bog
Sprog:spansk
Udgivet: Barcelona Seix Barral 1920
Udgivelse:1a. ed
Fag:
Tags: Tilføj Tag
Ingen Tags, Vær først til at tagge denne postø!

MARC

LEADER 00000nam a2200000 a 4500
001 UCJ7243
003 CL-VaPUC
008 070124e19200000SP |||||||||||||||||spa|d
082 0 4 |a 942  |b JEL  |2 21 
100 |a Jellicoe, John R., Lord  |e author  |9 515483 
245 1 3 |a La Gran Flota Británica, 1914-16. Operaciones navales inglesas en el Mar del Norte desde la ruptura de hostilidad hasta después de la batalla de Jutlandia. Por el Almirante de la Real Marina Británica Lord John R. Jellicoe, Vizconde de Scapa. Traducción del Comandante de Infantería de Marina D. Manuel O'Felan 
250 |a 1a. ed 
300 |a 522 p 
942 |c BK 
945 |d 20070124 00:00:00  |a rinostro 
260 |a Barcelona  |b Seix Barral  |c 1920 
500 |a Mapas sin indizar 
600 0 7 |a BATALLA DE JUTLANDIA  |2 CL-VaPUC  |9 515484 
650 7 |a GUERRA MUNDIAL I  |2 CL-VaPUC  |9 399774 
650 7 |a OPERACIONES NAVALES  |2 CL-VaPUC  |9 494907 
650 0 |a Ilustraciones  |9 369481 
650 0 |a Mapas  |9 260844 
651 0 |a Alemania  |9 255688 
651 0 |a Inglaterra  |9 255158 
583 |a last modification  |c 20121221 11:16:01  |k Rodrigo Vera 
999 |c 323339  |d 323337 
952 |0 0  |1 0  |4 0  |6 942_000000000000000_JEL_1920  |7 0  |8 X  |9 402845  |a FDOBUD  |b FDOBUD  |d 2019-11-22  |i 1050311  |o 942 JEL 1920  |p 1050311  |r 2019-11-22  |w 2019-11-22  |y BK_X  |k BUD